Geography Quiz

Random Geography or World Quiz

'A' Countries by Length Quiz Stats

 Plays Quiz Updated May 26, 2016

Challenge
Share
Tweet
Embed
Score 0/6 Timer 01:00
14 Plays Today
Length Country/Countries % Correct
7Albania, Algeria, Andorra, Armenia, Austria
97.1%
9Argentina, Australia
91.2%
10Azerbaijan
71.2%
6Angola
59.8%
17Antigua and Barbuda
59.3%
11Afghanistan
57.6%

You're not logged in!

Compare scores with friends on all Sporcle quizzes.
Join for Free
OR
Log In

You Might Also Like...

Show Comments

Extras

Top Quizzes Today


Score Distribution

Your Account Isn't Verified!

In order to create a playlist on Sporcle, you need to verify the email address you used during registration. Go to your Sporcle Settings to finish the process.

Report this User

Report this user for behavior that violates our Community Guidelines.

Details: